Data structures and algorithms (Record no. 152)

MARC details
000 -LEADER
fixed length control field 00543 a2200193 4500
001 - CONTROL NUMBER
control field 065881
003 - CONTROL NUMBER IDENTIFIER
control field OSt
005 - DATE AND TIME OF LATEST TRANSACTION
control field 20251208170907.0
008 - FIXED-LENGTH DATA ELEMENTS--GENERAL INFORMATION
fixed length control field
082 ## - DEWEY DECIMAL CLASSIFICATION NUMBER
Classification number 005.13
Item number A68D
100 1# - MAIN ENTRY--PERSONAL NAME
Personal name Aho, Alfred V.
245 1# - TITLE STATEMENT
Title Data structures and algorithms
Statement of responsibility, etc By Alfred V. Aho And John E. Hopcraft
260 ## - PUBLICATION, DISTRIBUTION, ETC. (IMPRINT)
Place of publication, distribution, etc New Delhi
Name of publisher, distributor, etc Pearson
Date of publication, distribution, etc 2009
300 ## - PHYSICAL DESCRIPTION
Extent 433p.
500 ## - GENERAL NOTE
General note English
690 ## - LOCAL SUBJECT ADDED ENTRY--TOPICAL TERM (OCLC, RLIN)
Topical term or geographic name as entry element Data structures (Computer science); Computer algorithms; Algorithms
700 ## - ADDED ENTRY--PERSONAL NAME
Personal name Hopcraft, John E.
942 ## - ADDED ENTRY ELEMENTS (KOHA)
Source of classification or shelving scheme Dewey Decimal Classification
Koha item type Books
Holdings
Withdrawn status Lost status Damaged status Not for loan Collection code Home library Current library Date acquired Source of acquisition Cost, normal purchase price Full call number Barcode Date last seen Price effective from Koha item type
        General Text Book Central University Of Rajasthan Central University Of Rajasthan 07/03/2012 CSC 410.00 005.13 A68D 169 21/11/2024 02/09/2020 Books
        General Text Book Central University Of Rajasthan Central University Of Rajasthan 07/03/2012 CSC 410.00 005.13 A68D 167 21/11/2024 02/09/2020 Books
        General Text Book Central University Of Rajasthan Central University Of Rajasthan 07/03/2012 CSC 410.00 005.13 A68D 168 21/11/2024 02/09/2020 Books